| 000 | 00733nam a2200217 a 4500 | ||
|---|---|---|---|
| 001 | 000044207 | ||
| 005 | 20240412074303.0 | ||
| 008 | 140609s2007 dr a 000 p spa d | ||
| 020 | _a9789945857016 | ||
| 040 |
_aDO-SdBNP _bspa _cBNPHU |
||
| 082 |
_aRD861.44 _bB333de |
||
| 100 | 1 |
_aBatista, Julio, _d1968- _972212 |
|
| 245 | 1 | 3 |
_aEl decimero : _bdestacando realidades / _cJulio Batista. |
| 260 |
_aConstanza, República Dominicana : _bOrtega, _c2007. |
||
| 300 |
_a86 p. : _bil. ; _c21 cm. |
||
| 500 | _aIncluye datos biográficos del autor en la solapa de la cubierta. | ||
| 590 | _aInventariado, 2018/LP | ||
| 650 | 0 |
_aPoesía dominicana _966 |
|
| 650 | 0 |
_aLiteratura dominicana. _967 |
|
| 910 | _aValidado. Control de calidad MFF | ||
| 999 |
_c43696 _d43696 |
||